Esna VII--Übersetzung : die Inschriften der Aussenwände des Pronaos von Esna /

محفوظ في:

المؤلف الرئيسي: Löffler, Florian (مؤلف)

مؤلفون آخرون: Recklinghausen, Daniel von., Ventker, Bettina.

التنسيق: كتاب

اللغة: German

منشور في: Wiesbaden : Harrassowitz Verlag, 2025.

سلاسل: Studien zur spätägyptischen Religion ; 46.
SSR ; 46.
Esna-Studien ; 5.

الموضوعات:

الوسوم: إضافة وسم

لا توجد وسوم, كن أول من يضع وسما على هذه التسجيلة!

رقم الطلب: PJ1526 .I8 L45

LEADER 01400nam a22003257a 4500
003 OSt
005 20260202074348.0
008 020226t2025 gw a b 000 0 ger d
020 |a 9783447122436 
040 |c ARCE Library 
050 1 4 |a PJ1526 .I8  |b L45 
100 1 |a Löffler, Florian,   |e author 
245 1 0 |a Esna VII--Übersetzung :   |b die Inschriften der Aussenwände des Pronaos von Esna /   |c Florian Löffler.  |h Florian Löffler, Daniel von Recklinghausen, Bettina Ventker.  
264 1 |a Wiesbaden :   |b Harrassowitz Verlag,   |c 2025. 
300 |a viii, 301 pages :   |b illustrations ;   |c 31cm. 
490 0 |a  Studien zur spätägyptischen Religion ; 46. 
490 0 |a SSR ; 46. 
490 0 |a Esna-Studien ; 5.  
504 |a Includes bibliographical references (pages 293-301) 
505 0 |a Die Texte der Südwand und der südlichen Westwand (Esna VII, 547-595) -- Die Texte der Nordwand und der nördlichen Westwand (Esna VII, 596-640) -- Lexikon der ägyptischen Götter und Göttenbezeichnungen (Esna VII) 
610 2 0 |a Temple of Khnum (Isnā, Egypt) 
650 0 |a Inscriptions, Egyptian   |z Egypt  |z Isnā.  
650 0 |a temple inscriptions   |x Decoration   |z Esna. 
650 0 |a Greco-Roman   |z Egypt   |x Hieroglyphs. 
651 0 |a Esna   |x Late Egyptiann period. 
700 1 |a Recklinghausen, Daniel von. 
700 1 |a Ventker, Bettina. 
901 |a reviewed 
942 |2 lcc  |c BK 
999 |c 60956  |d 60956